| 000 | 00397nam a22001697a 4500 | ||
|---|---|---|---|
| 005 | 20160701154911.0 | ||
| 008 | 160701b xxu||||| |||| 00| 0 eng d | ||
| 020 | _a978-81-317-2988-5 | ||
| 041 | _aeng | ||
| 082 | _b20742 | ||
| 100 |
_aGopi Satheesh _93422 |
||
| 245 | _aBasic Civil engineering | ||
| 260 |
_bPearson _c2016 |
||
| 300 | _a320 | ||
| 650 |
_aDiploma Engineering _9817 |
||
| 942 | _cBK | ||
| 999 |
_c5121 _d5119 |
||